Inovácia je možnosť zmeniť celé odvetvie

Inovačná schopnosť a jej komerčné využitie. Inovácie sú nositeľmi zmien v podmienkach konkurencie. Zlepšenie zákazníckych vzťahov a zvýšenie konkurenčnej výhody. Vhodné a cieľavedomé riadenie inovačného procesu. Procesy inovácie aj v oblasti služieb. Sektor služieb dôležitý pre produktivitu a ekonom...

Full description

Saved in:
Bibliographic Details
Main Author: Milecová, Miroslava
Format: Book Chapter
Language:Slovak
Subjects:
Tags: Add Tag
No Tags, Be the first to tag this record!

MARC

LEADER 00000naa$a2200000$$$4500
001 0102527
005 20240502072119.7
041 0 |a slo 
044 |a SK 
245 1 0 |a Inovácia je možnosť zmeniť celé odvetvie  |c Miroslava Milecová 
520 |a Inovačná schopnosť a jej komerčné využitie. Inovácie sú nositeľmi zmien v podmienkach konkurencie. Zlepšenie zákazníckych vzťahov a zvýšenie konkurenčnej výhody. Vhodné a cieľavedomé riadenie inovačného procesu. Procesy inovácie aj v oblasti služieb. Sektor služieb dôležitý pre produktivitu a ekonomickú kvalitu konkurencieschopnosti. Príklady z praxe. 
610 2 0 |a inovácia výrobkov 
610 2 0 |a stratégia inovačná 
610 2 0 |a nástroje marketingové 
610 2 0 |a konkurencia 
610 2 0 |a odvetvia priemyselné 
610 2 0 |a marketing manažment 
610 2 0 |a služby 
100 1 |a Milecová, Miroslava